[Event "GER-chT Christmas U16 Lasker"]
[Site "Playchess.com INT"]
[Date "2020.12.28"]
[Round "7.4"]
[White "Krstovic, Marko"]
[Black "Petzke, Julian"]
[Result "1-0"]
[WhiteElo "1455"]
[BlackElo "1514"]
[PlyCount "55"]
[EventDate "2020.12.28"]
[EventType "team-swiss (blitz)"]
[EventRounds "7"]
[EventCountry "GER"]
[SourceTitle "CBM 200 Extra"]
[Source "ChessBase"]
[SourceDate "2021.03.31"]
[SourceVersion "1"]
[SourceVersionDate "2021.03.31"]
[SourceQuality "1"]
[WhiteTeam "Duesseldorf"]
[BlackTeam "Leipzig SG"]
[WhiteTeamCountry "GER"]
[BlackTeamCountry "GER"]

1. d4 e6 2. c4 d5 3. Nc3 c6 4. Nf3 Nf6 5. Bg5 Nbd7 6. cxd5 cxd5 7. e3 Bb4 8. Qc2 0-0 9. a3 Ba5 10. Bd3 h6 11. Bh4 Qe8 12. 0-0 Bc7 13. Rac1 Qe7 14. Rfd1 e5 15. dxe5 Nxe5 16. Nxd5 Qd6 17. Nxf6+ gxf6 18. Nxe5 fxe5 19. Qxc7 Qxc7 20. Rxc7 Bg4 21. f3 Be6 22. Bf6 Rab8 23. Bxe5 Rfe8 24. Bf6 Bb3 25. Rdc1 Re6 26. Rc8+ Rxc8 27. Rxc8+ Re8 28. Rxe8# 1-0